| 000 | 00972nmm a2200289 a 4500 | ||
|---|---|---|---|
| 001 | ocm0002347458 | ||
| 003 | TR-IsHL | ||
| 005 | 20201028185814.0 | ||
| 008 | 190521s2017 tu tur | ||
| 007 | cr cn | ||
| 020 | _a9786056694004 | ||
| 035 |
_a2347458 _b(N$T) |
||
| 050 | 0 | 4 |
_aBP189.7 _bZ47 2017 |
| 090 | 0 | 4 |
_aBP189.7 _bZ47 2017 |
| 100 | 1 | _aZerrînkûb, Abdulhuseyn | |
| 245 | 1 | 0 |
_aSûfî mirasının değeri _h[electronic resource] / _cAbdulhuseyn Zerrînkûb ; Çeviren Dr. Ahmet Çelik |
| 250 | _aBlrlnci Baskı | ||
| 260 |
_aİstanbul : _bVisal Yayınları, _c2017 |
||
| 300 | _a308 p. | ||
| 650 | 4 | _aFelsefe, Psikoloji ve Din | |
| 650 | 4 | _aPhilosophy, Psychology and Religion | |
| 650 | 0 |
_aİslam Dini _x Tasavuf |
|
| 650 | 0 |
_aIslamic Religious _x Sufism |
|
| 650 | 7 |
_aRELIGION / Islam / Sufi _2bisacsh |
|
| 700 | 1 | _aÇelik, Ahmet | |
| 856 | 4 | 0 | _uhttp://search.ebscohost.com/login.aspx?direct=true&scope=site&db=e011xww&AN=2347458 |
| 999 |
_c21630 _d21630 |
||